| 000 | 00391nam a22001697a 4500 | ||
|---|---|---|---|
| 999 |
_c11088 _d11088 |
||
| 003 | OSt | ||
| 008 | 220215b ||||| |||| 00| 0 eng d | ||
| 020 | _a9788126502950 | ||
| 082 | _a005.133 MOD | ||
| 100 | _aMOTWANI,Bharti | ||
| 245 | _aData Analytics using Python | ||
| 250 |
_a1st _b2020 |
||
| 260 |
_aNew Delhi _bWiley _c2020 |
||
| 300 | _a734 | ||
| 650 | _aMBA | ||
| 942 |
_2ddc _cBK _012 |
||